[Event "Tata Steel Masters"]
[Date "2026.01.23"]
[White "Erigaisi Arjun"]
[Black "Erdogmus, Yagiz Kaan"]
[WhiteElo "2775"]
[BlackElo "2658"]
[Round "7.7.7"]
[Result "0-1"]

c4 {[%clk 01:59:49] [%emt 00:00:11]} e5 {[%clk 01:59:56] [%emt 00:00:05]} g3
{[%clk 01:59:44] [%emt 00:00:05]} Nf6 {[%clk 01:59:51] [%emt 00:00:05]} Bg2
{[%clk 01:59:39] [%emt 00:00:05]} c6 {[%clk 01:59:15] [%emt 00:00:36]} Nf3
{[%clk 01:59:26] [%emt 00:00:13]} e4 {[%clk 01:58:45] [%emt 00:00:30]} Nd4
{[%clk 01:59:20] [%emt 00:00:06]} d5 {[%clk 01:57:33] [%emt 00:01:12]} d3 {[%clk
01:59:07] [%emt 00:00:13]} Qb6 {[%clk 01:45:47] [%emt 00:11:46]} Nb3 {[%clk
01:56:44] [%emt 00:02:23]} Ng4 {[%clk 01:41:27] [%emt 00:04:20]} O-O {[%clk
01:52:31] [%emt 00:04:13]} e3 {[%clk 01:41:26] [%emt 00:00:02]} f3 {[%clk
01:43:12] [%emt 00:09:19]} Nf2 {[%clk 01:41:23] [%emt 00:00:02]} Qc2 {[%clk
01:26:54] [%emt 00:16:18]} Nh3+ {[%clk 01:41:17] [%emt 00:00:06]} Bxh3 {[%clk
01:25:06] [%emt 00:01:48]} Bxh3 {[%clk 01:41:12] [%emt 00:00:04]} Rd1 {[%clk
01:17:43] [%emt 00:07:23]} d4 {[%clk 01:04:29] [%emt 00:36:44]} c5 {[%clk
01:17:19] [%emt 00:00:23]} Qd8 {[%clk 01:03:07] [%emt 00:01:22]} Qc4 {[%clk
01:16:33] [%emt 00:00:47]} Na6 {[%clk 01:01:43] [%emt 00:01:24]} Qxd4 {[%clk
00:51:20] [%emt 00:25:12]} Qxd4 {[%clk 01:01:15] [%emt 00:00:28]} Nxd4 {[%clk
00:51:16] [%emt 00:00:04]} Bxc5 {[%clk 01:01:03] [%emt 00:00:11]} Bxe3 {[%clk
00:50:49] [%emt 00:00:29]} O-O-O {[%clk 00:46:13] [%emt 00:14:50]} Nc2 {[%clk
00:50:39] [%emt 00:00:09]} Rhe8 {[%clk 00:31:18] [%emt 00:14:56]} Kf2 {[%clk
00:49:45] [%emt 00:00:54]} Nb4 {[%clk 00:28:33] [%emt 00:02:45]} Nba3 {[%clk
00:48:02] [%emt 00:01:43]} Rxe3 {[%clk 00:23:02] [%emt 00:05:30]} Nxe3 {[%clk
00:47:52] [%emt 00:00:09]} Be6 {[%clk 00:21:02] [%emt 00:02:00]} d4 {[%clk
00:39:00] [%emt 00:08:53]} Rxd4 {[%clk 00:16:35] [%emt 00:04:28]} Ke1 {[%clk
00:36:30] [%emt 00:02:30]} Rxd1+ {[%clk 00:14:54] [%emt 00:01:40]} Nxd1 {[%clk
00:36:22] [%emt 00:00:08]} Nxa2 {[%clk 00:14:37] [%emt 00:00:18]} Kd2 {[%clk
00:33:57] [%emt 00:02:24]} b5 {[%clk 00:14:05] [%emt 00:00:33]} Nc2 {[%clk
00:31:32] [%emt 00:02:25]} a5 {[%clk 00:13:55] [%emt 00:00:10]} Nc3 {[%clk
00:28:49] [%emt 00:02:43]} Nxc3 {[%clk 00:13:47] [%emt 00:00:08]} bxc3 {[%clk
00:25:27] [%emt 00:03:22]} a4 {[%clk 00:13:04] [%emt 00:00:43]} e4 {[%clk
00:19:45] [%emt 00:05:42]} Kc7 {[%clk 00:12:31] [%emt 00:00:34]} f4 {[%clk
00:19:40] [%emt 00:00:05]} g6 {[%clk 00:12:04] [%emt 00:00:26]} Nd4 {[%clk
00:17:52] [%emt 00:01:47]} Bc4 {[%clk 00:10:54] [%emt 00:01:10]} e5 {[%clk
00:17:00] [%emt 00:00:53]} Be7 {[%clk 00:08:10] [%emt 00:02:43]} g4 {[%clk
00:15:10] [%emt 00:01:50]} c5 {[%clk 00:07:54] [%emt 00:00:17]} Nc2 {[%clk
00:14:51] [%emt 00:00:19]} Kc6 {[%clk 00:06:56] [%emt 00:00:58]} Ne3 {[%clk
00:13:20] [%emt 00:01:31]} Bb3 {[%clk 00:06:55] [%emt 00:00:01]} f5 {[%clk
00:12:38] [%emt 00:00:42]} Bg5 {[%clk 00:06:23] [%emt 00:00:32]} Kd3 {[%clk
00:12:04] [%emt 00:00:34]} Bf4 {[%clk 00:05:04] [%emt 00:01:18]} Ke4 {[%clk
00:11:08] [%emt 00:00:56]} g5 {[%clk 00:04:30] [%emt 00:00:35]} h4 {[%clk
00:10:58] [%emt 00:00:09]} Bxe3 {[%clk 00:00:43] [%emt 00:03:47]} Kxe3 {[%clk
00:41:23] [%emt 00:00:05]} gxh4 {[%clk 00:31:07] [%emt 00:00:06]} Kd2 {[%clk
00:28:33] [%emt 00:13:20]} Bd5 {[%clk 00:21:55] [%emt 00:09:42]} Re1 {[%clk
00:26:12] [%emt 00:02:51]} Kd7 {[%clk 00:14:21] [%emt 00:08:04]} Re3 {[%clk
00:26:23] [%emt 00:00:19]} a3 {[%clk 00:04:43] [%emt 00:10:09]} Kc1 {[%clk
00:25:24] [%emt 00:01:29]} Bg2 {[%clk 00:04:11] [%emt 00:01:01]} e6+ {[%clk
00:20:53] [%emt 00:05:01]} Ke8 {[%clk 00:03:31] [%emt 00:01:10]} exf7+ {[%clk
00:19:03] [%emt 00:02:20]} Kxf7 {[%clk 00:03:56] [%emt 00:00:05]} Re6 {[%clk
00:19:29] [%emt 00:00:04]} b4 {[%clk 00:02:40] [%emt 00:01:46]} g5 {[%clk
00:18:04] [%emt 00:01:55]} b3 {[%clk 00:02:16] [%emt 00:00:55]} Rf6+ {[%clk
00:17:54] [%emt 00:00:39]} Kg8 {[%clk 00:02:16] [%emt 00:00:30]} Re6 {[%clk
00:18:11] [%emt 00:00:13]} b2+ {[%clk 00:01:56] [%emt 00:00:50]} Kc2 {[%clk
00:17:55] [%emt 00:00:46]} h3 {[%clk 00:02:03] [%emt 00:00:23]} Kd3 {[%emt
00:00:15]}

[Site "Europe Echecs"]

[Event "Tata Steel Masters"]
[Date "2026.01.24"]
[White "Aravindh, Chithambaram VR."]
[Black "Erigaisi Arjun"]
[WhiteElo "2700"]
[BlackElo "2775"]
[Round "8.8.1"]
[Result "1/2-1/2"]

e4 {[%clk 01:59:42] [%emt 00:00:13]} c5 {[%clk 01:59:17] [%emt 00:00:47]} Nf3
{[%clk 01:59:27] [%emt 00:00:16]} e6 {[%clk 01:59:11] [%emt 00:00:06]} d4 {[%clk
01:59:09] [%emt 00:00:17]} cxd4 {[%clk 01:59:06] [%emt 00:00:06]} Nxd4 {[%clk
01:58:58] [%emt 00:00:11]} Nc6 {[%clk 01:59:00] [%emt 00:00:06]} Nb5 {[%clk
01:58:09] [%emt 00:00:49]} Nf6 {[%clk 01:57:31] [%emt 00:01:30]} Bf4 {[%clk
01:56:39] [%emt 00:01:29]} e5 {[%clk 01:57:17] [%emt 00:00:14]} Bg5 {[%clk
01:56:20] [%emt 00:00:19]} Bc5 {[%clk 01:56:57] [%emt 00:00:21]} N1c3 {[%clk
01:51:39] [%emt 00:04:40]} d6 {[%clk 01:56:08] [%emt 00:00:49]} Bxf6 {[%clk
01:42:10] [%emt 00:09:29]} Qxf6 {[%clk 01:55:48] [%emt 00:00:20]} Nc7+ {[%clk
01:41:51] [%emt 00:00:19]} Kd8 {[%clk 01:55:40] [%emt 00:00:08]} f3 {[%clk
01:41:17] [%emt 00:00:34]} Rb8 {[%clk 01:55:32] [%emt 00:00:08]} Qd2 {[%clk
01:39:29] [%emt 00:01:48]} h5 {[%clk 01:55:20] [%emt 00:00:12]} N7d5 {[%clk
01:38:27] [%emt 00:01:02]} Qh6 {[%clk 01:55:05] [%emt 00:00:15]} f4 {[%clk
01:37:19] [%emt 00:01:08]} exf4 {[%clk 01:52:29] [%emt 00:02:37]} O-O-O {[%clk
01:36:35] [%emt 00:00:42]} Bd4 {[%clk 01:33:29] [%emt 00:19:02]} Ne2 {[%clk
01:24:33] [%emt 00:12:01]} Be5 {[%clk 01:31:46] [%emt 00:01:43]} Nexf4 {[%clk
01:24:05] [%emt 00:00:29]} Bg4 {[%clk 01:20:50] [%emt 00:10:55]} Re1 {[%clk
01:17:10] [%emt 00:06:55]} Be6 {[%clk 01:18:37] [%emt 00:02:14]} g3 {[%clk
01:11:54] [%emt 00:05:15]} h4 {[%clk 01:15:09] [%emt 00:03:28]} Rg1 {[%clk
01:02:49] [%emt 00:09:05]} Bd4 {[%clk 01:06:41] [%emt 00:08:29]} Rg2 {[%clk
00:59:13] [%emt 00:03:35]} h3 {[%clk 00:58:39] [%emt 00:08:02]} Rge2 {[%clk
00:54:54] [%emt 00:04:19]} Bg4 {[%clk 00:58:32] [%emt 00:00:08]} Re3 {[%clk
00:48:34] [%emt 00:06:20]} g5 {[%clk 00:55:15] [%emt 00:03:17]} Ne2 {[%clk
00:35:01] [%emt 00:13:33]} Bxe3 {[%clk 00:54:30] [%emt 00:00:46]} Nxe3 {[%clk
00:34:32] [%emt 00:00:28]} Bd7 {[%clk 00:51:13] [%emt 00:03:18]} Nc3 {[%clk
00:32:54] [%emt 00:01:38]} g4 {[%clk 00:34:38] [%emt 00:16:35]} Be2 {[%clk
00:32:37] [%emt 00:00:16]} Re8 {[%clk 00:30:43] [%emt 00:03:56]} Rf1 {[%clk
00:31:17] [%emt 00:01:19]} f5 {[%clk 00:25:38] [%emt 00:05:05]} Rf4 {[%clk
00:26:43] [%emt 00:04:35]} fxe4 {[%clk 00:24:49] [%emt 00:00:49]} Nxe4 {[%clk
00:22:09] [%emt 00:04:34]} Rf8 {[%clk 00:24:21] [%emt 00:00:28]} Nxg4 {[%clk
00:14:44] [%emt 00:07:24]} Bxg4 {[%clk 00:22:22] [%emt 00:01:59]} Rxg4 {[%clk
00:03:12] [%emt 00:11:32]} Qxd2+ {[%clk 00:21:44] [%emt 00:00:38]} Kxd2 {[%clk
00:03:08] [%emt 00:00:04]} Kc7 {[%clk 00:19:23] [%emt 00:02:21]} Nc3 {[%clk
00:02:04] [%emt 00:01:04]} Rbe8 {[%clk 00:17:54] [%emt 00:01:29]} Nd5+ {[%clk
00:01:55] [%emt 00:00:10]} Kb8 {[%clk 00:16:58] [%emt 00:00:55]} Rf4 {[%clk
00:01:51] [%emt 00:00:04]} Rh8 {[%clk 00:14:50] [%emt 00:02:09]} c4 {[%clk
00:01:38] [%emt 00:00:14]} Re5 {[%clk 00:13:58] [%emt 00:00:51]} Bd3 {[%clk
00:01:13] [%emt 00:00:24]} Rg5 {[%clk 00:12:51] [%emt 00:01:08]} Nf6 {[%clk
00:00:39] [%emt 00:00:34]} Ne5 {[%clk 00:11:26] [%emt 00:01:25]} Ne4 {[%clk
00:30:45] [%emt 00:00:24]} Nxd3 {[%clk 00:33:00] [%emt 00:08:57]} Kxd3 {[%clk
00:30:42] [%emt 00:00:32]} Ra5 {[%clk 00:33:06] [%emt 00:00:24]} Nc3 {[%clk
00:28:17] [%emt 00:02:54]} Re5 {[%clk 00:33:07] [%emt 00:00:29]} Kd2 {[%clk
00:27:40] [%emt 00:01:07]} a6 {[%clk 00:30:32] [%emt 00:03:06]} a4 {[%clk
00:26:49] [%emt 00:01:21]} a5 {[%clk 00:23:45] [%emt 00:07:17]} b3 {[%clk
00:26:36] [%emt 00:00:43]} Ka7 {[%clk 00:22:34] [%emt 00:01:42]} Rf7 {[%clk
00:24:18] [%emt 00:02:47]} Ree8 {[%clk 00:21:20] [%emt 00:01:44]} Rf5 {[%clk
00:20:39] [%emt 00:04:09]} Ka6 {[%clk 00:18:22] [%emt 00:03:28]} Nd5 {[%clk
00:19:37] [%emt 00:01:31]} Re4 {[%clk 00:13:56] [%emt 00:04:56]} Rf6 {[%clk
00:17:18] [%emt 00:02:50]} Ka7 {[%clk 00:13:23] [%emt 00:01:03]} Rxd6 {[%clk
00:16:17] [%emt 00:01:30]} Rg4 {[%clk 00:09:07] [%emt 00:04:45]} Rf6 {[%clk
00:13:47] [%emt 00:03:00]} Rxg3 {[%clk 00:09:25] [%emt 00:00:13]} hxg3 {[%clk
00:14:10] [%emt 00:00:07]} h2 {[%clk 00:09:53] [%emt 00:00:03]} Rf1 {[%clk
00:14:34] [%emt 00:00:05]} h1=Q {[%clk 00:10:19] [%emt 00:00:04]} Rxh1 {[%clk
00:14:58] [%emt 00:00:05]} Rxh1 {[%clk 00:10:46] [%emt 00:00:04]} Kc3 {[%clk
00:11:56] [%emt 00:03:32]} Rg1 {[%clk 00:09:56] [%emt 00:01:20]} c5 {[%clk
00:12:11] [%emt 00:00:14]} Rxg3+ {[%clk 00:10:19] [%emt 00:00:07]} Kc4 {[%clk
00:12:36] [%emt 00:00:05]} Rg4+ {[%clk 00:09:57] [%emt 00:00:51]} Kb5 {[%clk
00:11:44] [%emt 00:01:22]} Rd4 {[%clk 00:10:16] [%emt 00:00:11]} Nb6 {[%clk
00:10:10] [%emt 00:02:05]} Rb4+ {[%clk 00:10:40] [%emt 00:00:06]} Kxa5 {[%clk
00:10:35] [%emt 00:00:04]} Rxb3 {[%clk 00:11:05] [%emt 00:00:05]} Nc8+ {[%clk
00:10:45] [%emt 00:00:20]} Kb8 {[%clk 00:11:29] [%emt 00:00:07]} Nd6 {[%clk
00:11:11] [%emt 00:00:04]} Rb1 {[%clk 00:11:28] [%emt 00:00:30]} Nb5 {[%clk
00:11:35] [%emt 00:00:06]} Ra1 {[%clk 00:11:24] [%emt 00:00:35]} Kb4 {[%clk
00:09:18] [%emt 00:02:46]} Kc8 {[%clk 00:11:39] [%emt 00:00:15]} Nd4 {[%clk
00:08:55] [%emt 00:00:52]} Kc7 {[%clk 00:11:20] [%emt 00:00:49]} Kb5 {[%clk
00:09:16] [%emt 00:00:09]} Rd1 {[%clk 00:11:38] [%emt 00:00:13]} Kc4 {[%clk
00:09:28] [%emt 00:00:17]} Rh1 {[%clk 00:11:56] [%emt 00:00:12]} Ne6+ {[%clk
00:08:46] [%emt 00:01:12]} Kb8 {[%clk 00:11:24] [%emt 00:01:02]} Nd4 {[%clk
00:09:01] [%emt 00:00:15]} Rh4 {[%clk 00:11:41] [%emt 00:00:13]} Kd5 {[%clk
00:09:16] [%emt 00:00:15]} Ka7 {[%clk 00:11:54] [%emt 00:00:17]} a5 {[%clk
00:08:03] [%emt 00:01:43]} Rh5+ {[%clk 00:11:57] [%emt 00:00:27]} Kd6 {[%clk
00:08:26] [%emt 00:00:07]} Ka6 {[%clk 00:12:16] [%emt 00:00:12]} c6 {[%clk
00:08:37] [%emt 00:00:18]} bxc6 {[%clk 00:12:37] [%emt 00:00:09]} Nxc6 {[%clk
00:09:01] [%emt 00:00:06]} Rh6 {[%clk 00:13:04] [%emt 00:00:03]} Kc5 {[%clk
00:09:26] [%emt 00:00:05]} Rxc6+ {[%clk 00:13:30] [%emt 00:00:04]} Kxc6 {[%clk
00:09:52] [%emt 00:00:04]} Kxa5 {[%clk 00:13:56] [%emt 00:00:04]}

[Site "Europe Echecs"]

[Event "Tata Steel Masters"]
[Date "2026.01.17"]
[White "Fedoseev, Vladimir"]
[Black "Gukesh D"]
[WhiteElo "2705"]
[BlackElo "2754"]
[Round "8.8.2"]
[Result "0-1"]

d4 {[%clk 01:57:52] [%emt 00:02:07]} Nf6 {[%clk 01:59:52] [%emt 00:00:08]} c4
{[%clk 01:57:46] [%emt 00:00:06]} e6 {[%clk 01:59:48] [%emt 00:00:05]} Nc3
{[%clk 01:57:39] [%emt 00:00:07]} Bb4 {[%clk 01:59:42] [%emt 00:00:06]} Qc2
{[%clk 01:57:32] [%emt 00:00:07]} d5 {[%clk 01:59:34] [%emt 00:00:07]} Nf3
{[%clk 01:57:19] [%emt 00:00:14]} O-O {[%clk 01:53:21] [%emt 00:06:13]} e3
{[%clk 01:55:18] [%emt 00:02:01]} b6 {[%clk 01:51:32] [%emt 00:01:51]} Be2
{[%clk 01:54:32] [%emt 00:00:45]} Bb7 {[%clk 01:49:34] [%emt 00:01:59]} cxd5
{[%clk 01:54:22] [%emt 00:00:10]} exd5 {[%clk 01:48:12] [%emt 00:01:22]} a3
{[%clk 01:54:09] [%emt 00:00:12]} Be7 {[%clk 01:47:48] [%emt 00:00:24]} b4
{[%clk 01:51:19] [%emt 00:02:50]} Nbd7 {[%clk 01:43:39] [%emt 00:04:09]} Rb1
{[%clk 01:43:30] [%emt 00:07:50]} c6 {[%clk 01:42:08] [%emt 00:01:30]} O-O
{[%clk 01:41:45] [%emt 00:01:43]} Bd6 {[%emt 00:12:44]} Nh4 {[%emt 00:08:07]}
Re8 {[%clk 01:34:13] [%emt 00:01:40]} Nf5 {[%clk 01:24:37] [%emt 00:02:32]} Bf8
{[%clk 01:33:46] [%emt 00:00:27]} f3 {[%clk 01:24:26] [%emt 00:00:11]} g6 {[%clk
01:28:13] [%emt 00:05:33]} Ng3 {[%clk 01:24:20] [%emt 00:00:05]} Rc8 {[%clk
01:26:49] [%emt 00:01:25]} Bd2 {[%clk 01:18:20] [%emt 00:06:00]} Bg7 {[%clk
01:22:45] [%emt 00:04:03]} e4 {[%emt 00:07:41]} c5 {[%clk 00:51:11] [%emt
00:30:21]} bxc5 {[%clk 01:11:03] [%emt 00:00:49]} bxc5 {[%clk 00:50:38] [%emt
00:00:34]} e5 {[%clk 01:07:41] [%emt 00:03:22]} cxd4 {[%clk 00:50:29] [%emt
00:00:08]} exf6 {[%clk 01:07:33] [%emt 00:00:08]} dxc3 {[%clk 00:50:19] [%emt
00:00:10]} Bc1 {[%clk 01:03:37] [%emt 00:03:55]} Qxf6 {[%clk 00:43:47] [%emt
00:06:33]} Rxb7 {[%clk 01:03:29] [%emt 00:00:08]} Nc5 {[%clk 00:43:42] [%emt
00:00:04]} Rb4 {[%clk 00:58:54] [%emt 00:04:35]} a5 {[%clk 00:36:38] [%emt
00:07:05]} Rb5 {[%clk 00:55:15] [%emt 00:03:39]} h5 {[%clk 00:35:52] [%emt
00:00:46]} Rd1 {[%clk 00:52:17] [%emt 00:02:58]} h4 {[%clk 00:29:29] [%emt
00:06:24]} Nh1 {[%clk 00:48:19] [%emt 00:03:56]} Ne6 {[%clk 00:28:54] [%emt
00:00:36]} Rbxd5 {[%clk 00:44:14] [%emt 00:04:05]} Nd4 {[%clk 00:28:46] [%emt
00:00:07]} R5xd4 {[%clk 00:39:19] [%emt 00:04:55]} Qb6 {[%clk 00:28:40] [%emt
00:00:06]} Kf1 {[%clk 00:38:48] [%emt 00:00:31]} Bxd4 {[%clk 00:28:35] [%emt
00:00:06]} a4 {[%clk 00:38:38] [%emt 00:00:11]} Red8 {[%clk 00:23:04] [%emt
00:05:30]} Bb5 {[%clk 00:35:29] [%emt 00:03:08]} Be3 {[%clk 00:21:07] [%emt
00:01:58]} Bd3 {[%clk 00:34:03] [%emt 00:01:26]} Bxc1 {[%clk 00:11:56] [%emt
00:09:11]} Rxc1 {[%clk 00:33:54] [%emt 00:00:09]} Rd4 {[%clk 00:11:15] [%emt
00:00:41]} Nf2 {[%clk 00:33:00] [%emt 00:00:54]} Rb4 {[%emt 00:01:12]} Nd1
{[%clk 00:29:25] [%emt 00:02:27]} Qd6 {[%clk 00:09:07] [%emt 00:02:03]} h3
{[%clk 00:27:52] [%emt 00:01:33]} Kg7 {[%emt 00:07:22]} Nxc3 {[%clk 00:20:12]
[%emt 00:04:44]} Rb3 {[%clk 00:03:50] [%emt 00:00:51]} Qd2 {[%clk 00:09:29]
[%emt 00:10:43]} Qb4 {[%clk 00:02:51] [%emt 00:00:59]} Bxg6 {[%clk 00:38:18]
[%emt 00:01:41]} Rbxc3 {[%clk 00:33:04] [%emt 00:00:18]} Bc2 {[%clk 00:34:34]
[%emt 00:04:13]}

[Site "Europe Echecs"]

[Event "Tata Steel Masters"]
[Date "2026.01.24"]
[White "Niemann, Hans Moke"]
[Black "Van Foreest, Jorden"]
[WhiteElo "2725"]
[BlackElo "2703"]
[Round "8.8.3"]
[Result "1/2-1/2"]

e4 {[%clk 01:59:55] [%emt 00:00:03]} c5 {[%clk 01:59:50] [%emt 00:00:10]} Nf3
{[%clk 01:59:31] [%emt 00:00:25]} e6 {[%clk 01:59:32] [%emt 00:00:18]} d4 {[%clk
01:59:15] [%emt 00:00:17]} cxd4 {[%clk 01:59:23] [%emt 00:00:09]} Nxd4 {[%clk
01:59:09] [%emt 00:00:05]} Nc6 {[%clk 01:59:14] [%emt 00:00:09]} Nc3 {[%clk
01:59:02] [%emt 00:00:08]} Nf6 {[%clk 01:59:07] [%emt 00:00:07]} Ndb5 {[%clk
01:58:26] [%emt 00:00:36]} d6 {[%clk 01:58:40] [%emt 00:00:27]} Bf4 {[%clk
01:57:33] [%emt 00:00:52]} e5 {[%clk 01:58:21] [%emt 00:00:19]} Bg5 {[%clk
01:57:24] [%emt 00:00:09]} a6 {[%clk 01:58:07] [%emt 00:00:14]} Na3 {[%clk
01:57:13] [%emt 00:00:10]} b5 {[%clk 01:57:51] [%emt 00:00:17]} Nd5 {[%clk
01:57:00] [%emt 00:00:13]} Be7 {[%clk 01:57:06] [%emt 00:00:45]} Bxf6 {[%clk
01:56:53] [%emt 00:00:07]} Bxf6 {[%clk 01:57:01] [%emt 00:00:05]} c4 {[%clk
01:56:45] [%emt 00:00:08]} b4 {[%clk 01:54:14] [%emt 00:02:47]} Nc2 {[%clk
01:56:34] [%emt 00:00:09]} O-O {[%clk 01:52:29] [%emt 00:01:48]} Qf3 {[%clk
01:55:57] [%emt 00:00:37]} Bg5 {[%clk 01:51:20] [%emt 00:01:09]} h4 {[%clk
01:55:01] [%emt 00:00:56]} Bh6 {[%clk 01:50:49] [%emt 00:00:31]} g4 {[%clk
01:53:32] [%emt 00:01:28]} Bf4 {[%clk 01:49:11] [%emt 00:01:38]} Be2 {[%clk
01:45:02] [%emt 00:08:30]} Be6 {[%clk 01:43:02] [%emt 00:06:09]} Nxf4 {[%clk
01:38:44] [%emt 00:06:18]} exf4 {[%clk 01:42:54] [%emt 00:00:08]} Qxf4 {[%clk
01:37:12] [%emt 00:01:33]} Ne5 {[%clk 01:39:32] [%emt 00:03:21]} Ne3 {[%clk
01:16:05] [%emt 00:21:06]} Ng6 {[%clk 01:19:56] [%emt 00:19:37]} Qg3 {[%clk
01:13:10] [%emt 00:02:55]} Qf6 {[%clk 01:19:13] [%emt 00:00:43]} O-O-O {[%clk
01:12:07] [%emt 00:01:04]} Nf4 {[%clk 01:19:06] [%emt 00:00:06]} Rhe1 {[%clk
01:11:28] [%emt 00:00:39]} Qe5 {[%clk 01:16:45] [%emt 00:02:22]} Bf1 {[%clk
01:09:53] [%emt 00:01:34]} Rfe8 {[%clk 01:13:57] [%emt 00:02:49]} Kb1 {[%clk
01:05:48] [%emt 00:04:04]} a5 {[%clk 01:13:47] [%emt 00:00:12]} f3 {[%clk
01:01:49] [%emt 00:03:57]} a4 {[%clk 01:11:35] [%emt 00:02:13]} Qh2 {[%clk
00:56:59] [%emt 00:04:49]} h5 {[%clk 01:04:06] [%emt 00:07:31]} gxh5 {[%clk
00:55:09] [%emt 00:01:51]} a3 {[%clk 00:58:18] [%emt 00:05:47]} b3 {[%clk
00:54:46] [%emt 00:00:23]} f5 {[%clk 00:58:08] [%emt 00:00:10]} Qd2 {[%clk
00:38:22] [%emt 00:16:23]} fxe4 {[%clk 00:57:50] [%emt 00:00:18]} fxe4 {[%clk
00:38:15] [%emt 00:00:08]} Qxe4+ {[%clk 00:48:03] [%emt 00:09:47]} Nc2 {[%clk
00:38:01] [%emt 00:00:12]} Qf5 {[%clk 00:47:54] [%emt 00:00:10]} Qd4 {[%clk
00:25:41] [%emt 00:12:21]} Bf7 {[%clk 00:44:28] [%emt 00:03:25]} h6 {[%clk
00:23:27] [%emt 00:02:15]} Re5 {[%clk 00:41:51] [%emt 00:02:37]} Rxe5 {[%clk
00:21:36] [%emt 00:01:51]} dxe5 {[%clk 00:41:47] [%emt 00:00:04]} Qd7 {[%clk
00:20:13] [%emt 00:01:20]} Qf6 {[%clk 00:37:33] [%emt 00:04:16]} hxg7 {[%clk
00:18:25] [%emt 00:01:48]} Ne6 {[%clk 00:35:08] [%emt 00:02:25]} Qb7 {[%clk
00:10:18] [%emt 00:08:08]} Rd8 {[%clk 00:33:19] [%emt 00:01:49]} Rxd8+ {[%clk
00:10:12] [%emt 00:00:06]} Nxd8 {[%clk 00:27:31] [%emt 00:05:47]} Qg2 {[%clk
00:40:04] [%emt 00:00:38]} Nc6 {[%clk 00:45:15] [%emt 00:12:46]} c5 {[%clk
00:37:57] [%emt 00:02:37]} e4 {[%clk 00:45:29] [%emt 00:00:17]} Ne3 {[%clk
00:38:16] [%emt 00:00:11]} Qd4 {[%clk 00:38:12] [%emt 00:07:47]} Qf2 {[%clk
00:38:25] [%emt 00:00:20]} Ne5 {[%clk 00:36:26] [%emt 00:02:17]} c6 {[%clk
00:38:36] [%emt 00:00:19]} Nxc6 {[%clk 00:36:45] [%emt 00:00:11]} Bc4 {[%clk
00:37:10] [%emt 00:01:56]} Ne5 {[%clk 00:35:32] [%emt 00:01:43]} Bxf7+ {[%clk
00:37:24] [%emt 00:00:15]} Nxf7 {[%clk 00:35:59] [%emt 00:00:03]} h5 {[%clk
00:35:45] [%emt 00:02:09]} Qd3+ {[%clk 00:34:32] [%emt 00:01:57]} Kc1 {[%clk
00:35:43] [%emt 00:00:33]} Qc3+ {[%clk 00:32:09] [%emt 00:02:53]} Kb1 {[%clk
00:35:54] [%emt 00:00:19]} Qd3+ {[%clk 00:32:18] [%emt 00:00:21]} Kc1 {[%clk
00:36:14] [%emt 00:00:11]} Qc3+ {[%clk 00:32:40] [%emt 00:00:08]}

[Site "Europe Echecs"]